书目信息 |
| 题名: |
电子电路实验
|
|
| 作者: | 南京大学物理系应用电子学教研室 编 | |
| 分册: | ||
| 出版信息: | 高等教育出版社 1980 |
|
| 页数: | 242页 | |
| 开本: | 26cm | |
| 丛书名: | ||
| 单 册: | ||
| 中图分类: | TN710-33 | |
| 科图分类: | ||
| 主题词: | 电子电路 | |
| 电子资源: | ||
| ISBN: | ||
| 000 | 00633nam0 2200181 450 | |
| 001 | 0735592734 | |
| 005 | 20070906095312.73 | |
| 010 | @d¥1.30 | |
| 100 | @a20070906d km y0chiy0120 ea | |
| 101 | 0 | @achi |
| 200 | 1 | @a电子电路实验@Adian zi dian lu shi yan@f南京大学物理系应用电子学教研室编@Fnan jing da xue wu li xi ying yong dian zi xue jiao yan shi bian |
| 210 | @c高等教育出版社@d1980 | |
| 215 | @a242页@d26cm | |
| 606 | 0 | @a电子电路 |
| 690 | @aTN710-33@v3 | |
| 701 | 0 | @a南京大学物理系应用电子学教研室@Anan jing da xue wu li xi ying yong dian zi xue jiao yan shi@4编 |
| 801 | 0 | @aCN@bPFT@c20070906 |
| 905 | @a213230@dTN710-33@eP2@f1 | |
| 电子电路实验/南京大学物理系应用电子学教研室编.-高等教育出版社,1980 |
| 242页;26cm |
| ISBN :¥1.30 |
| ● |
| 相关链接 |
|
|
|
|
正题名:电子电路实验
索取号:TN710-33/P2
 
预约/预借
| 序号 | 登录号 | 条形码 | 馆藏地/架位号 | 状态 | 备注 |
| 1 | 7200671 | 272006713 | 密集书库-物理学院/ [索取号:TN710-33/P2] | 在馆 |